Garth Brooks- The Thunder Rolls Lyrics - Statistics

General Stats
  • This quiz has been taken 10 times
  • The average score is 226 of 281
Answer Stats
Answer % Correct
a
100%
And
100%
and
100%
cold
100%
he
100%
"He
100%
in
100%
is
100%
knows
100%
love
100%
new
100%
night
100%
of
100%
out
100%
perfume
100%
rain
100%
rolls
100%
She
100%
she
100%
strange
100%
that
100%
the
100%
The
100%
thunder
100%
when
100%
wind
100%
all
83%
Another
83%
As
83%
But
83%
control
83%
eyes
83%
heart
83%
her
83%
He's
83%
he's
83%
house
83%
it's
83%
light
83%
lightning
83%
morning
83%
not
83%
on
83%
storm
83%
strikes
83%
thirty
83%
Three
83%
to
83%
alive
67%
back
67%
be
67%
been
67%
blows
67%
by
67%
Deep
67%
do
67%
drive
67%
faded
67%
flannel
67%
flashes
67%
for
67%
from
67%
gown
67%
grows
67%
have
67%
heading
67%
him
67%
hold
67%
hoping
67%
into
67%
kept
67%
like
67%
moonless
67%
never
67%
Praying
67%
pulls
67%
right
67%
rushes
67%
She's
67%
she's
67%
should
67%
sleepless
67%
somewhere
67%
summer
67%
telephone
67%
thankful
67%
that's
67%
town
67%
waiting
67%
weather
67%
window
67%
across
50%
Asking
50%
burning
50%
city's
50%
Every
50%
ghost
50%
looking
50%
miracle
50%
pacing
50%
Raindrops
50%
sight
50%
soul
50%
there's
50%
this
50%
windshield
50%
won't
50%
again"
33%
door
33%
moving
33%
Tells
33%
through
33%
time
33%
where
33%
bedroom
17%
Cause
17%
down
17%
drawer
17%
dresser
17%
hallway
17%
lady
17%
last
17%
mirror
17%
pistol
17%
reaches
17%
runs
17%
she'll
17%
tonight
17%
will
17%
wonder
17%
No matching quizzes found
Score Distribution
Percent of People with Each Score
Percentile by Number Answered
Your Score History
You have not taken this quiz